| 000 | 00834nam a2200277Ia 4500 | ||
|---|---|---|---|
| 001 | Para_2166 | ||
| 003 | CHAP | ||
| 008 | 220125s1995 xx 000 0 und d | ||
| 010 | _a200780 | ||
| 040 | _cCHAP | ||
| 082 | _aPA 633.10468 S8 | ||
| 100 |
_aSubramanyam, Bhadriraju, ed. _9165622 |
||
| 245 |
_aIntegrated management of insects in stored products / _c ed. by Bhadriraju Subramanyam and David W. Hagstrum |
||
| 260 |
_aNew York : _b Marcel Dekker |
||
| 300 | _a426 p. | ||
| 650 |
_aCereales _x Almacenamiento _xplagas _921378 |
||
| 650 |
_aInsectos parasitos y predatores _958961 |
||
| 700 |
_aHagstrum, David W. _952235 |
||
| 901 | _aPA 633.10468 S8 | ||
| 902 | _aA | ||
| 905 | _a0000001995 i 0000000000 00 | ||
| 910 | _a1995 | ||
| 942 | _cPARA | ||
| 942 |
_cPARA _d1 |
||
| 999 |
_c200780 _d200780 |
||